| 000 | 00825nam a22002417a 4500 | ||
|---|---|---|---|
| 003 | DO-SdBPM | ||
| 005 | 20250613122601.0 | ||
| 008 | 160328b1987 sp a |||| 00| 0 spa d | ||
| 020 | _a8429829000657 | ||
| 040 |
_aDO-SdBPM _bspa _cBPMSU |
||
| 082 | 4 |
_a808.831 _bM334m 1987 _222 |
|
| 100 | 1 | _aDalmais, Anne Marie | |
| 245 | 1 | 0 |
_a366... y más historias de la naturaleza / _cAnne Marie Dalmais ; ilustraciones Annie Bonhomme |
| 246 | 1 | 3 | _aTrecientas sesenta y seis y más historias de la naturaleza |
| 260 |
_aMadrid : _bGrupo Edider, _c1987. |
||
| 300 |
_a[250] p. : _bil. ; _c28 cm. |
||
| 590 | _aInventariado, 2025/VM | ||
| 650 | 4 |
_aCuentos infantiles _vColecciones |
|
| 650 | 4 | _aLeyendas de animales. | |
| 700 | 1 |
_aBonhomme, Annie _eilustraciones |
|
| 910 | _aVMateo V. Control de calidad. BPMSU | ||
| 942 |
_2ddc _cBK |
||
| 999 |
_c9386 _d9386 |
||